000 004340000a22001810004500
003 LK-CoMWRAF
005 20230923084544.0
008 230817t1976 ||||| |||| 00| 0 eng d
040 _aLK-CoMWRAF
_dLK-CoMWRAF
_eLK-CoMWRAF
041 _aeng
082 _a297.204
_bISI
100 _aIsik, Huseyn Hilmi
245 _aThe Sunni path
260 _aTurkey :
_bTavilli Marbass,
_c1976
300 _a100p
650 _aIslam
942 _cBK
999 _c962
_d962